European Countries That Contain Letter U - Statistics

General Stats
  • This quiz has been taken 88 times
    81 since last reset
  • The average score is 12 of 13
Answer Stats
Answer % Correct
UK
100%
Ukraine
100%
Austria
96%
Belgium
96%
Russia
96%
Luxembourg
95%
Belarus
93%
Bulgaria
92%
Lithuania
90%
Portugal
89%
Hungary
86%
Czech Republic
78%
Turkey
73%
No matching quizzes found
Score Distribution
Percent of People with Each Score
Percentile by Number Answered
Your Score History
You have not taken this quiz since the last reset